000 02099 a2200313 4500
005 20090409152416.0
008 090409t xxu||||| |||| 00| 0 eng d
010 _aB-307672-676
020 _a9780768924480
_c($35.99) 1842.68
035 _aB-307672-676
037 _bUBH
040 _adpl
_bEnglish
082 _a000
100 _aStewart, Mark Alan
245 _aPeterson's master the GMAT 2008 /
_cby Mark Alan Stewart; edited by Therese DeAngelis
260 _aLawrenceceville
_bPeterson
_c2008
270 _aPeterson's, a Nelnet Co., 2000 Lenox Drive
_bLawrenceville
_eNJ 08648
_lwww.petersons.com/booksurvey
300 _axvii, 696p.
_c25cm. (pbk)
700 _aDeAngelis, Therese
942 _adpl
_cEN
_2ddc
_h000
_mSTE
999 _c25724
_d25724